The worm turns in the move towards sustainable progress (Record no. 74586)
[ view plain ]
| 000 -LEADER | |
|---|---|
| fixed length control field | 01179cab a2200241 4500 |
| 001 - CONTROL NUMBER | |
| control field | ABS68399 |
| 008 - FIXED-LENGTH DATA ELEMENTS--GENERAL INFORMATION | |
| fixed length control field | 041028n2004 000 0 eng u |
| 035 ## - SYSTEM CONTROL NUMBER | |
| System control number | (Sirsi) u127868 |
| 100 ## - MAIN ENTRY--PERSONAL NAME | |
| Personal name | Lindsey, S. |
| 245 #4 - TITLE STATEMENT | |
| Title | The worm turns in the move towards sustainable progress |
| 260 ## - PUBLICATION, DISTRIBUTION, ETC. | |
| Date of publication, distribution, etc. | 2004 |
| 490 ## - SERIES STATEMENT | |
| Series statement | Architects' Journal |
| Volume/sequential designation | 220(12) 30 September 2004, 46(1) |
| 520 ## - SUMMARY, ETC. | |
| Summary, etc. | Looks at the new Sustainable and Secure Buildings Bill, which will extend the purposes for which Building Regulations may be made to include making provision for recycling and composting facilities. Lists some of the new provisions as furthering the protection or enhancement of the environment, facilitating sustainable development and furthering the prevention or detection of crime. Concludes there may be a period of consultation on the form and content of its new regulations. |
| 590 ## - LOCAL NOTE (RLIN) | |
| Local note | ABS |
| 650 ## - SUBJECT ADDED ENTRY--TOPICAL TERM | |
| Topical term or geographic name entry element | SUSTAINABLE AND SECURE BUILDINGS BILL |
| 650 ## - SUBJECT ADDED ENTRY--TOPICAL TERM | |
| Topical term or geographic name entry element | RECYCLING |
| 650 ## - SUBJECT ADDED ENTRY--TOPICAL TERM | |
| Topical term or geographic name entry element | COMPOSTING |
| 650 ## - SUBJECT ADDED ENTRY--TOPICAL TERM | |
| Topical term or geographic name entry element | SUSTAINABLE DEVELOPMENT |
| 650 ## - SUBJECT ADDED ENTRY--TOPICAL TERM | |
| Topical term or geographic name entry element | BUILDING REGULATIONS |
| 9 (RLIN) | 6224 |
| 650 ## - SUBJECT ADDED ENTRY--TOPICAL TERM | |
| Topical term or geographic name entry element | CRIME PREVENTION |
| 690 ## - LOCAL SUBJECT ADDED ENTRY--TOPICAL TERM (OCLC, RLIN) | |
| Topical term or geographic name as entry element | ENVIRONMENTAL AND LAND CONSULTANCY-WASTE MANAGEMENT |
| 942 ## - ADDED ENTRY ELEMENTS (KOHA) | |
| Suppress in OPAC | 0 |
| Withdrawn status | Lost status | Source of classification or shelving scheme | Damaged status | Not for loan | Home library | Current library | Shelving location | Date acquired | Total Checkouts | Full call number | Barcode | Date last seen | Copy number | Price effective from | Koha item type |
|---|---|---|---|---|---|---|---|---|---|---|---|---|---|---|---|
| Dewey Decimal Classification | London | London | Journal article | 28/10/2004 | ABS68399 | 127868-1001 | 06/08/2019 | 1 | 06/08/2019 | Journal article |